[Event "Nassau CC-ch"]
[Site "Mineola"]
[Date "2006.12.18"]
[Round "10"]
[White "Amaral, Joseph W"]
[Black "Murphy, Thomas D"]
[Result "0-1"]
[WhiteElo "1471"]
[BlackElo "1700"]
[PlyCount "25"]
[EventDate "2006.10.16"]
[EventType "swiss"]
[EventRounds "10"]
[EventCountry "USA"]
[SourceTitle "EXT 2008"]
[Source "ChessBase"]
[SourceDate "2007.11.25"]
[SourceVersion "1"]
[SourceVersionDate "2007.11.25"]
[SourceQuality "1"]

1. e4 e5 2. Nf3 f5 3. exf5 Bc5 4. d4 exd4 5. Nxd4 Qh4 6. Be3 Nf6 7. Be2 Nc6 8. c3 Ne5 9. Nf3 Nxf3+ 10. Bxf3 Bxe3 11. g3 Bxf2+ 12. Kxf2 0-0 13. gxh4 0-1